Information systems journal an international journal promoting the study and practice of information systems
Αποθηκεύτηκε σε:
| Μορφή: | Περιοδική έκδοση |
|---|---|
| Γλώσσα: | English |
| Δημοσίευση: |
Winstable, Kent :
Blackwell Science,
1994-
|
| Θέματα: | |
| Ετικέτες: |
Προσθήκη ετικέτας
Δεν υπάρχουν, Καταχωρήστε ετικέτα πρώτοι!
|
MARC
| LEADER | 00000nas a2200000 i 4500 | ||
|---|---|---|---|
| 001 | 1/9279 | ||
| 008 | 000804c19949999 eng d | ||
| 022 | |a 13501917 | ||
| 035 | |l 10062993 | ||
| 040 | |a GR-MY-UA |b gre |e aacr | ||
| 041 | 0 | |a eng | |
| 082 | 0 | |a 004.05 | |
| 245 | 1 | 0 | |a Information systems journal |h [περιοδικό] : |b an international journal promoting the study and practice of information systems |
| 260 | |a Winstable, Kent : |b Blackwell Science, |c 1994- | ||
| 300 | |a v.; |b ill.; |c 23 cm. | ||
| 310 | |a Quarterly | ||
| 650 | 0 | 0 | |a Information technology |x Periodicals. |
| 650 | 0 | 0 | |a Management information systems |x Periodicals. |
| 853 | |a INST |b SAMOS |c SER | ||
| 922 | |a 3ΕΛΗ |b (199901) |c ΚΕΝΤΡΙΚΗ ΒΙΒΛΙΟΘΗΚΗ |d SWETS | ||